Política.

Shranjeno v:
Bibliografske podrobnosti
Glavni avtor: Aristóteles, 384 a.C.- 322 a.C (autor)
Format: Knjiga
Izdano: Madrid, España: Centro de Estudios Constitucionales, 1970.
Izdaja:2a. Edición. (reimpresión 1989).
Serija:Clásicos Políticos
Teme:
Oznake: Označite
Brez oznak, prvi označite!

MARC

LEADER 00000nam a22000007a 4500
003 CL-VaPUC
005 20241127085259.0
008 220718t1970 ||||| |||| 00| 0 eng d
999 |c 437152  |d 437150 
020 |a 84-259-0822- 
040 |c Pontificia Universidad Católica de Valparaíso 
082 7 |a 185 ARI 1970  |2 22 
100 |a Aristóteles,  |d 384 a.C.- 322 a.C.  |e autor  |9 194 
245 |a Política. 
250 |a 2a. Edición. (reimpresión 1989).  |b Edición bilingüe.  
260 |a Madrid, España:  |b Centro de Estudios Constitucionales,   |c 1970.  
300 |a 283 páginas.  
490 |a Clásicos Políticos 
500 |a c.1 Donación Familia Prof. Alejandro Guzmán Brito 
583 |c 20220718  |k Cristina María Rojas Aguilar 
650 |a Filosofía   |9 223554 
650 |a Filosofía griega   |9 265579 
650 |a Filosofía aristotélica  |9 873129 
942 |2 ddc  |c BK  |n 0 
952 |0 0  |1 0  |2 ddc  |4 0  |6 185_000000000000000_ARI_1970  |7 0  |8 C_AGB  |9 584902  |a BIBDER  |b BIBDER  |d 2022-07-18  |e Donación   |i 5653016  |o 185 ARI 1970  |p 5653016  |r 2023-01-25  |t 1  |w 2022-07-18  |y BK_US  |k AGB